[Event "EU-ch U16 Girls"]
[Site "Prague"]
[Date "2024.08.26"]
[Round "5"]
[White "Rusu, Anastasia"]
[Black "Brezikova, Beata"]
[Result "1/2-1/2"]
[WhiteElo "1695"]
[BlackElo "1873"]
[PlyCount "78"]
[EventDate "2024.08.22"]
[EventType "swiss"]
[EventRounds "9"]
[EventCountry "CZE"]
[SourceTitle "CBM 221 Extra"]
[Source "ChessBase"]
[SourceDate "2024.09.30"]
[SourceVersion "1"]
[SourceVersionDate "2024.09.30"]
[SourceQuality "1"]

1. e4 e5 2. Nf3 Nc6 3. Bc4 f5 4. d3 Bc5 5. Ng5 f4 6. Nf7 Qh4 7. g3 Qh3 8. c3 d5 9. Bxd5 Bg4 10. Qc2 Qg2 11. Rf1 Bh3 12. Nd2 Qxh2 13. gxf4 Nf6 14. Bxc6+ bxc6 15. Nxe5 Bxf1 16. Nxf1 Qg1 17. d4 Bb6 18. Qb3 0-0-0 19. Nf7 h5 20. Qe6+ Kb7 21. Nxd8+ Rxd8 22. Be3 Re8 23. Qh3 Rxe4 24. 0-0-0 Qg6 25. Nd2 Re8 26. Nf3 Qf7 27. Kb1 Qd5 28. Ne5 c5 29. Qf3 cxd4 30. Qxd5+ Nxd5 31. cxd4 Rf8 32. Nd3 c6 33. Rh1 Rf5 34. Rg1 Rf7 35. Rg5 Nf6 36. Nc5+ Bxc5 37. dxc5 Nd5 38. Rxh5 Nxf4 39. Bxf4 Rxf4 1/2-1/2

[Event "World School-ch U15 Girls"]
[Site "Rhodes"]
[Date "2023.04.14"]
[Round "1"]
[White "Rusu, Anastasia"]
[Black "Karas, Eugenia"]
[Result "1-0"]
[WhiteElo "1228"]
[BlackElo "1928"]
[PlyCount "45"]
[EventDate "2023.04.14"]
[EventType "swiss"]
[EventRounds "9"]
[EventCountry "GRE"]
[SourceTitle "EXT 2024"]
[Source "ChessBase"]
[SourceDate "2023.10.10"]
[SourceVersion "1"]
[SourceVersionDate "2023.10.10"]
[SourceQuality "1"]

1. e4 e5 2. Nf3 Nc6 3. Bc4 Nf6 4. Ng5 d5 5. exd5 Na5 6. Bb5+ c6 7. dxc6 bxc6 8. Be2 h6 9. Nh3 Bd6 10. d3 0-0 11. 0-0 Qc7 12. Kh1 Bxh3 13. gxh3 Rad8 14. Qe1 c5 15. Nc3 a6 16. f3 Nc6 17. Rg1 Kh7 18. Qh4 Ng8 19. Nd5 Qd7 20. Rxg7+ Kxg7 21. Bxh6+ Kh7 22. Bxf8+ Kg6 23. Rg1+ 1-0